| 000 | 00567 a2200169 4500 | ||
|---|---|---|---|
| 010 | _aENG-141456 | ||
| 020 |
_a9789395422260 _c350.00 |
||
| 035 | _aEN-124988 | ||
| 037 | _bDBAD | ||
| 082 | 1 | 4 |
_a658.3 _2First |
| 100 |
_aSupreeth, B.R _971830 |
||
| 245 | 1 |
_aHuman Resource Management/ _cBy B.R. Supreeth |
|
| 260 |
_aTamil Nadu _bShanlax Publications _c2022 |
||
| 270 |
_a61,66 T.P.K . Main Road ,Vasantha Nagar _bMadurai _e625003 _mpublisher@shanlaxpublications.com |
||
| 300 |
_a192p.: _c24cm(Pb) |
||
| 942 |
_adpl _cEN _2ddc _h658.3 _mSUP _eFirst |
||
| 999 |
_c205294 _d205294 |
||